Návrh deformačnej zóny študentského vozidla Formula Student

Enregistré dans:
Détails bibliographiques
Auteur principal: Mikolášek, Jakub (Auteur)
Autres auteurs: Magdolen, Ľuboš (Directeur de thèse)
Format: Manuscrit Livre
Langue:slovaque
Publié: 2022
Sujets:
Accès en ligne:http://is.stuba.sk/zp/portal_zp.pl?podrobnosti=156094
Tags: Ajouter un tag
Pas de tags, Soyez le premier à ajouter un tag!

MARC

LEADER 00000ntm a22000003a 4500
001 stuzp90551
003 SK-STU
005 20220611213657.9
007 ta
008 150427s2015----xo-----f-mn---000-0-slo-d
040 |a STU  |b slo 
041 0 |a slo 
100 1 |a Mikolášek, Jakub  |u 020030  |4 aut  |U SjF Strojnícka fakulta  |T SjF Ústav dopravnej techniky a konštruovania  |X 103983  |U J0030  |Y 806  |7 103983 
242 0 1 |a Deformation zone design for student vehicle Formula Student  |y eng 
245 1 0 |a Návrh deformačnej zóny študentského vozidla Formula Student 
260 |c 2022 
650 4 |a aktívna a pasívna bezpečnosť  |2 slo 
650 4 |a crash test  |2 slo 
650 4 |a tlmič nárazu  |2 slo 
650 4 |a deformačné zóny  |2 slo 
650 4 |a crash box  |2 slo 
650 4 |a crash test  |2 eng 
650 4 |a crash box  |2 eng 
650 4 |a active and passive safety  |2 eng 
650 4 |a crumple zones  |2 eng 
650 4 |a impact attenuator  |2 eng 
700 1 |a Magdolen, Ľuboš  |u 020030  |k Z1  |4 ths  |U SjF Strojnícka fakulta  |T SjF Ústav dopravnej techniky a konštruovania  |X 2362  |U J0030  |Y 806  |7 A00002362 
856 4 |u http://is.stuba.sk/zp/portal_zp.pl?podrobnosti=156094 
996 |b 284J046940  |c J* 3440/DBP  |l JJSK  |s A  |a 24  |w stuzp90551_0001